| 000 | 00697nam a22002172 4500 | ||
|---|---|---|---|
| 001 | 0000005795 | ||
| 005 | 20151217145826.0 | ||
| 008 | 070717s xx 000 0 eng d | ||
| 020 |
_a0070582963 : _cKES 750 |
||
| 040 |
_aKABU _cKABU |
||
| 050 | 0 |
_aQA76 _b.M38 2003 |
|
| 100 | 1 |
_aMata-toledo, Ramon A. _@0000157018 |
|
| 245 | 1 | 0 |
_aSchaum's outline of introduction to computer science / _cRamon A. Mata-toledo, Pauline K. Cushman. |
| 260 |
_aNew Delhi : _bTata McGraw-Hill, _c2003. |
||
| 300 | _aviii, 296 p. | ||
| 650 | 0 |
_aComputer science. _@0000058480 |
|
| 700 | 1 |
_aCushman, Pauline K. _@0000157019 |
|
| 908 | _a070717 | ||
| 950 | _@1 | ||
| 999 |
_c2978 _d2978 |
||